[Event "Mundial Juvenil 2005 s12"]
[Site "Belfort FRA"]
[Date "2005.07.27"]
[Round "8.16"]
[White "Belous, Vladimir"]
[Black "Tilicheev, Vlacheslav"]
[Result "1-0"]
[WhiteElo "2218"]
[BlackElo "1599"]
[PlyCount "93"]
[EventDate "2005.07.19"]
[EventType "swiss"]
[EventRounds "11"]
[EventCountry "FRA"]
[Source "lmi"]
[SourceDate "2005.07.31"]

1. c4 e5 2. Nc3 Nf6 3. g3 g6 4. Bg2 Bg7 5. e3 d6 6. Nge2 Nc6 7. Rb1 a5 8. O-O
Be6 9. Nd5 O-O 10. a3 Ne7 11. Nxf6+ Bxf6 12. Bxb7 Rb8 13. Bg2 Bxc4 14. d3 Ba2
15. Ra1 Bb3 16. Qe1 a4 17. Nc3 Qd7 18. Bd2 Bg7 19. Rc1 d5 20. Nb1 d4 21. exd4
exd4 22. Rc5 Rfe8 23. Qc1 Nd5 24. Bh6 Rb5 25. Bxg7 Kxg7 26. Nd2 Nc3 27. Rxc3
dxc3 28. Qxc3+ Kh6 29. Bc6 Qh3 30. Bxb5 Bd5 31. Ne4 Bxe4 32. dxe4 Rxe4 33. Bc6
Re7 34. Bxa4 Re4 35. Bb3 c5 36. Qxc5 Kg7 37. Bxf7 Kh6 38. Bd5 Re8 39. a4 Kg7
40. Qd4+ Kh6 41. Qf4+ Kg7 42. Qf7+ Kh6 43. Qxe8 Kg7 44. a5 h5 45. a6 h4 46. a7
hxg3 47. hxg3 1-0

[Event "Mundial Juvenil 2005 s12"]
[Site "Belfort FRA"]
[Date "2005.07.27"]
[Round "8.17"]
[White "Strzemiecki, Zbigniew"]
[Black "Aghasaryan, Robert"]
[Result "1-0"]
[WhiteElo "2195"]
[BlackElo "1599"]
[PlyCount "99"]
[EventDate "2005.07.19"]
[EventType "swiss"]
[EventRounds "11"]
[EventCountry "FRA"]
[Source "lmi"]
[SourceDate "2005.07.31"]

1. e4 c5 2. Nf3 e6 3. d4 cxd4 4. Nxd4 Nf6 5. Nc3 d6 6. Be3 a6 7. Bd3 Be7 8. O-O
Qc7 9. f4 b5 10. a3 Bb7 11. Qf3 O-O 12. Rae1 Nbd7 13. Qh3 Nc5 14. Bc1 Nxd3 15.
cxd3 Nd7 16. Kh1 Bf6 17. Nde2 Nc5 18. b4 Nb3 19. Bb2 Qb6 20. Qg3 Qd8 21. Qe3 e5
22. Rd1 Nd4 23. Qd2 Qb6 24. Nxd4 exd4 25. Ne2 g6 26. g4 Bg7 27. Ng3 Qd8 28. Qg2
Qh4 29. Ne2 Bc8 30. Rg1 a5 31. Bxd4 axb4 32. axb4 Ra2 33. Bxg7 Kxg7 34. Qf3 Rb2
35. Rg2 Rxb4 36. Nc3 Rb3 37. Nd5 Bb7 38. Qe3 Bxd5 39. Qd4+ Qf6 40. Qxd5 Qe6 41.
Qd4+ Kg8 42. h3 Rc8 43. Ra1 d5 44. f5 Qd6 45. e5 Qc5 46. Qxc5 Rxc5 47. Ra8+ Kg7
48. f6+ Kh6 49. g5+ Kh5 50. Rh8 1-0

[Event "Mundial Juvenil 2005 s12"]
[Site "Belfort FRA"]
[Date "2005.07.27"]
[Round "8.19"]
[White "Kociscak, Jiri"]
[Black "Lu, Yi Jie"]
[Result "1-0"]
[WhiteElo "2052"]
[BlackElo "1599"]
[PlyCount "89"]
[EventDate "2005.07.19"]
[EventType "swiss"]
[EventRounds "11"]
[EventCountry "FRA"]
[Source "lmi"]
[SourceDate "2005.07.31"]

1. d4 Nf6 2. c4 g6 3. Nc3 Bg7 4. Nf3 O-O 5. g3 d6 6. Bg2 Nc6 7. O-O a6 8. h3
Rb8 9. Qc2 Nd7 10. Rd1 e5 11. e3 Re8 12. a3 f5 13. b4 e4 14. Nd2 Nf6 15. Qb3
Kh8 16. Bb2 b5 17. c5 dxc5 18. dxc5 Be6 19. Qc2 Qe7 20. Ne2 Qf7 21. Nf4 Red8
22. Nxe6 Qxe6 23. Nb3 Ne8 24. Bxg7+ Nxg7 25. Qc3 Rd5 26. Nd4 Nxd4 27. Rxd4 Rbd8
28. Rad1 Kg8 29. f3 Qe5 30. Qb3 c6 31. fxe4 fxe4 32. Rxe4 Qxg3 33. Rg4 Qe5 34.
e4 Qc3 35. Qxc3 Rxd1+ 36. Kh2 R1d3 37. Qf6 Rc8 38. e5 Rf8 39. Qxc6 Rxa3 40. e6
Re3 41. Re4 Rxe4 42. Qxe4 Re8 43. Qc6 Kf8 44. Bd5 Rd8 45. Qc7 1-0

[Event "Mundial Juvenil 2005 s12"]
[Site "Belfort FRA"]
[Date "2005.07.27"]
[Round "8.20"]
[White "Lin, Zhigen Wilson"]
[Black "Firat, Burak"]
[Result "1/2-1/2"]
[WhiteElo "2029"]
[BlackElo "1599"]
[PlyCount "168"]
[EventDate "2005.07.19"]
[EventType "swiss"]
[EventRounds "11"]
[EventCountry "FRA"]
[Source "lmi"]
[SourceDate "2005.07.31"]

1. e4 c5 2. Nf3 Nc6 3. Bb5 g6 4. Bxc6 dxc6 5. d3 Bg7 6. h3 Nf6 7. Nc3 O-O 8.
Be3 b6 9. O-O Nd7 10. Qd2 Re8 11. a4 a5 12. Nh2 e5 13. Bh6 Qe7 14. Bxg7 Kxg7
15. Ng4 Nf8 16. Qh6+ Kg8 17. Ne3 Ne6 18. Nc4 Qc7 19. Nd1 Nf4 20. Nce3 Be6 21.
Nc3 Qd7 22. Rfd1 f6 23. Kf1 Re7 24. Ne2 Nxe2 25. Kxe2 b5 26. b3 Qd4 27. Ng4
Bxg4+ 28. hxg4 c4 29. Qe3 Qb2 30. dxc4 bxc4 31. Qc1 Qc3 32. Qd2 Qxd2+ 33. Kxd2
cxb3 34. cxb3 Rd8+ 35. Kc2 Rd4 36. Rxd4 exd4 37. Kd3 Rb7 38. Kxd4 Rxb3 39. Rc1
Rb2 40. Ke3 Rb4 41. Rxc6 Kg7 42. Rc7+ Kg8 43. Ra7 Rxa4 44. f3 Ra2 45. g3 a4 46.
Kf4 Ra3 47. g5 fxg5+ 48. Kg4 h6 49. f4 gxf4 50. Kxf4 Ra1 51. Ke5 a3 52. Kf6 a2
53. Ra8+ Kh7 54. Ra7+ Kg8 55. Kxg6 Kf8 56. g4 h5 57. g5 h4 58. Kh6 h3 59. g6
Rg1 60. Rxa2 Rg2 61. Ra3 h2 62. Rh3 Kg8 63. e5 Re2 64. e6 Rxe6 65. Rxh2 Ra6 66.
Rb2 Ra8 67. Rb7 Kh8 68. Rd7 Kg8 69. Rc7 Kh8 70. Kg5 Kg8 71. Rb7 Ra5+ 72. Kh6
Ra8 73. Rb6 Kh8 74. Rd6 Rb8 75. Rd7 Kg8 76. Kg5 Rb5+ 77. Kg4 Rb6 78. Kf5 Rb5+
79. Kf6 Rb6+ 80. Kg5 Rb5+ 81. Kh6 Rb8 82. Rd6 Kh8 83. Kg5 Kg7 84. Rd7+ Kg8
1/2-1/2

[Event "Mundial Juvenil 2005 s12"]
[Site "Belfort FRA"]
[Date "2005.07.28"]
[Round "9.3"]
[White "Ter Sahakyan, Samvel"]
[Black "Rajesh, V A V."]
[Result "1-0"]
[WhiteElo "2140"]
[BlackElo "2157"]
[PlyCount "55"]
[EventDate "2005.07.19"]
[EventType "swiss"]
[EventRounds "11"]
[EventCountry "FRA"]
[Source "lmi"]
[SourceDate "2005.07.31"]

1. e4 e6 2. d4 g6 3. h4 h5 4. Bg5 f6 5. Be3 Bg7 6. Nc3 Ne7 7. Qd2 d5 8. O-O-O
b6 9. f3 Nd7 10. g4 dxe4 11. gxh5 Nf5 12. hxg6 exf3 13. Bf4 Bb7 14. Qf2 Nf8 15.
d5 e5 16. Bb5+ Ke7 17. Qxf3 Nd6 18. Be3 Nxg6 19. h5 Nf4 20. Bxf4 exf4 21. Nh3
Kf7 22. Bd3 f5 23. Rhg1 Bh6 24. Kb1 Rg8 25. Nxf4 Bxf4 26. Qxf4 Qf6 27. Bb5 Rac8
28. Bd7 1-0

[Event "Mundial Juvenil 2005 s12"]
[Site "Belfort FRA"]
[Date "2005.07.28"]
[Round "9.4"]
[White "Ospanov, Nazar"]
[Black "Negi, Parimarjan"]
[Result "1/2-1/2"]
[WhiteElo "1599"]
[BlackElo "2376"]
[PlyCount "41"]
[EventDate "2005.07.19"]
[EventType "swiss"]
[EventRounds "11"]
[EventCountry "FRA"]
[Source "lmi"]
[SourceDate "2005.07.31"]

1. e4 c5 2. Nf3 d6 3. Bc4 Nf6 4. d3 Nc6 5. c3 g6 6. O-O Bg7 7. Re1 O-O 8. Bb3
e5 9. Nbd2 Re8 10. Nf1 h6 11. Be3 b6 12. Qd2 Kh7 13. Bxf7 Rf8 14. Bb3 Bg4 15.
Bd1 d5 16. Qc2 Nh5 17. Ng5+ hxg5 18. Bxg4 d4 19. Bc1 Nf4 20. g3 dxc3 21. gxf4
1/2-1/2

[Event "Mundial Juvenil 2005 s12"]
[Site "Belfort FRA"]
[Date "2005.07.28"]
[Round "9.5"]
[White "Sethuraman, S.p"]
[Black "Popilski, Gil"]
[Result "1-0"]
[WhiteElo "2203"]
[BlackElo "2120"]
[PlyCount "78"]
[EventDate "2005.07.19"]
[EventType "swiss"]
[EventRounds "11"]
[EventCountry "FRA"]
[Source "lmi"]
[SourceDate "2005.07.31"]

1. e4 c5 2. Nf3 e6 3. d4 cxd4 4. Nxd4 a6 5. Bd3 Nf6 6. O-O d6 7. c4 Nbd7 8. Nc3
b6 9. f4 Bb7 10. Qe2 Qc7 11. Kh1 Be7 12. Bd2 O-O 13. Rae1 Rfd8 14. Nf3 Ne8 15.
Bb1 Rac8 16. b3 Bf6 17. Rc1 Qb8 18. f5 exf5 19. exf5 d5 20. Nxd5 Bxd5 21. cxd5
b5 22. Ba5 Rxc1 23. Rxc1 Rc8 24. Rc6 Nc5 25. Bb4 Nb7 26. Qc2 Ned6 27. Rxc8+
Qxc8 28. Qc6 a5 29. Bxd6 Qxc6 30. dxc6 Nxd6 31. c7 Kf8 32. Bd3 Ke7 33. Bxb5 Nc8
34. Kg1 Kd6 35. Bc4 Ke7 36. Kf2 Nd6 37. Bb5 Nc8 38. Ke3 Kd6 39. Bd3 h6 1-0

[Event "Mundial Juvenil 2005 s12"]
[Site "Belfort FRA"]
[Date "2005.07.28"]
[Round "9.7"]
[White "Arribas Lopez, Angel"]
[Black "Iermito, Sebastian"]
[Result "1/2-1/2"]
[WhiteElo "2140"]
[BlackElo "2134"]
[PlyCount "72"]
[EventDate "2005.07.19"]
[EventType "swiss"]
[EventRounds "11"]
[EventCountry "FRA"]
[Source "lmi"]
[SourceDate "2005.07.31"]

1. e4 e6 2. d4 d5 3. Nc3 Nf6 4. Bg5 Be7 5. e5 Nfd7 6. Bxe7 Qxe7 7. f4 a6 8. Nf3
c5 9. Qd2 Nc6 10. O-O-O c4 11. f5 b5 12. fxe6 fxe6 13. Qg5 Nb6 14. Qxe7+ Kxe7
15. h4 b4 16. Ne2 Bd7 17. h5 a5 18. Kb1 a4 19. a3 c3 20. bxc3 bxa3 21. Nf4 Na5
22. Nd2 Raf8 23. Rh4 Rb8 24. Ka2 Rhc8 25. Rh3 Rf8 26. Rf3 Be8 27. Bd3 Nbc4 28.
Nxc4 Nxc4 29. Bxh7 Rb2+ 30. Ka1 Bf7 31. Rc1 Nd2 32. Rd3 Nb3+ 33. cxb3 axb3 34.
Re1 Ra2+ 35. Kb1 Rb2+ 36. Kc1 Rc2+ 1/2-1/2

[Event "Mundial Juvenil 2005 s12"]
[Site "Belfort FRA"]
[Date "2005.07.28"]
[Round "9.8"]
[White "Rzayev, Bahruz"]
[Black "Mihok, Oliver"]
[Result "1-0"]
[WhiteElo "1599"]
[BlackElo "2157"]
[PlyCount "143"]
[EventDate "2005.07.19"]
[EventType "swiss"]
[EventRounds "11"]
[EventCountry "FRA"]
[Source "lmi"]
[SourceDate "2005.07.31"]

1. e4 c5 2. f4 d5 3. exd5 Nf6 4. Bb5+ Bd7 5. Bxd7+ Qxd7 6. c4 e6 7. Qe2 Be7 8.
dxe6 Qxe6 9. Qxe6 fxe6 10. Nf3 Nc6 11. O-O Bd6 12. d3 Nb4 13. Ne1 O-O-O 14. Bd2
e5 15. Nc3 exf4 16. a3 Nc6 17. Bxf4 Rhe8 18. Rd1 Be5 19. Nc2 Nd4 20. Bxe5 Rxe5
21. Nxd4 cxd4 22. Nd5 Nxd5 23. cxd5 Rdxd5 24. Rf8+ Kd7 25. Rc1 Ke7 26. Rf4 Rd7
27. Kf2 Ke6 28. Rc4 Red5 29. Kf3 g5 30. Re4+ Kf6 31. Kg4 h5+ 32. Kf3 Kf5 33.
Rc8 g4+ 34. Kg3 Kg5 35. Rg8+ Kf6 36. Kh4 Rc7 37. Rf8+ Kg7 38. Rf2 Rcd7 39. h3
gxh3 40. gxh3 Rc5 41. Ref4 Re5 42. Rg2+ Kh7 43. Rg5 Re3 44. Rxh5+ Kg6 45. Rg4+
Kf6 46. Rh6+ Ke7 47. Rh7+ Kd8 48. Rxd7+ Kxd7 49. Rxd4+ Kc6 50. Kg4 Re2 51. Rb4
a5 52. Rb3 Rg2+ 53. Kf3 Rg8 54. a4 Rf8+ 55. Kg3 Rg8+ 56. Kh2 Rd8 57. Kg3 Rg8+
58. Kf3 Rf8+ 59. Ke2 Rh8 60. d4 Rh4 61. Rd3 Kd5 62. Kf2 Kc4 63. Kg3 Rh8 64. Rd2
Rg8+ 65. Kf4 Rh8 66. d5 Rxh3 67. d6 Rh8 68. d7 Rd8 69. Ke5 Kc5 70. Ke6 Kc6 71.
Ke7 Kc7 72. Rc2+ 1-0

[Event "Mundial Juvenil 2005 s12"]
[Site "Belfort FRA"]
[Date "2005.07.28"]
[Round "9.9"]
[White "Javakhadze, Zurab"]
[Black "Shahin, Koohestani M.abad"]
[Result "1/2-1/2"]
[WhiteElo "2135"]
[BlackElo "2012"]
[PlyCount "133"]
[EventDate "2005.07.19"]
[EventType "swiss"]
[EventRounds "11"]
[EventCountry "FRA"]
[Source "lmi"]
[SourceDate "2005.07.31"]

1. e4 c5 2. d4 cxd4 3. c3 Nc6 4. cxd4 d5 5. e5 Bf5 6. Bd3 Bxd3 7. Qxd3 Qd7 8.
Nf3 Nb4 9. Qb3 e6 10. a3 Nc6 11. O-O Nge7 12. Nc3 Nf5 13. Rd1 h5 14. Bg5 Be7
15. Bxe7 Qxe7 16. Rac1 g5 17. Qb5 g4 18. Ne1 Kf8 19. Ne2 Kg7 20. Rc3 Rab8 21.
Nc2 Qg5 22. Ne3 Nxe3 23. Rxe3 Rhc8 24. Rc3 Rh8 25. Qd3 a6 26. b4 Rbc8 27. Qd2
Qxd2 28. Rxd2 Na7 29. Rdc2 Rxc3 30. Rxc3 Nb5 31. Rg3 Rc8 32. Kf1 Rc4 33. Rd3
Rc2 34. a4 Ra2 35. axb5 Ra1+ 36. Nc1 Rxc1+ 37. Ke2 axb5 38. h3 Rc4 39. hxg4
hxg4 40. Ke3 Rxb4 41. Kf4 Rb2 42. Kxg4 Rxf2 43. Rb3 Rxg2+ 44. Kf3 Rc2 45. Rxb5
Rc7 46. Kf4 f6 47. Rb6 Kf7 48. Rb1 f5 49. Kg5 Ke7 50. Rb6 Kf7 51. Rb1 Ke7 52.
Rb6 Rd7 53. Rb1 Kd8 54. Kf6 Re7 55. Rb2 f4 56. Rf2 Ke8 57. Rf3 Kd7 58. Rxf4 Re8
59. Kf7 Rc8 60. Rf6 b5 61. Rf1 Rc4 62. Ra1 Ra4 63. Rb1 Rxd4 64. Rxb5 Rf4+ 65.
Kg6 Rf5 66. Rxd5+ exd5 67. Kxf5 1/2-1/2

[Event "Mundial Juvenil 2005 s12"]
[Site "Belfort FRA"]
[Date "2005.07.28"]
[Round "9.10"]
[White "Nyzhnyk, Illya"]
[Black "Atabayev, Maksat"]
[Result "1-0"]
[WhiteElo "2131"]
[BlackElo "1599"]
[PlyCount "65"]
[EventDate "2005.07.19"]
[EventType "swiss"]
[EventRounds "11"]
[EventCountry "FRA"]
[Source "lmi"]
[SourceDate "2005.07.31"]

1. c4 Nf6 2. Nc3 g6 3. d3 Bg7 4. g3 O-O 5. Bg2 d6 6. e3 e5 7. Nge2 c6 8. d4 Qc7
9. O-O Re8 10. Re1 Nbd7 11. b4 Nb6 12. dxe5 dxe5 13. c5 Rd8 14. Qc2 Nbd5 15. a3
Be6 16. Bb2 Rd7 17. e4 Nxc3 18. Bxc3 Nh5 19. Qb2 f6 20. h3 Bh6 21. f4 exf4 22.
g4 Ng3 23. Nxg3 fxg3 24. Bxf6 Bg7 25. Bxg7 Rxg7 26. Qc3 h5 27. gxh5 gxh5 28.
Rad1 Rf8 29. Rd6 Qc8 30. Qe5 Bxh3 31. Qxh5 Bg4 32. Qh4 Be6 33. Re3 1-0

[Event "Mundial Juvenil 2005 s12"]
[Site "Belfort FRA"]
[Date "2005.07.28"]
[Round "9.11"]
[White "Petenyi, Tamas"]
[Black "Strzemiecki, Zbigniew"]
[Result "0-1"]
[WhiteElo "2056"]
[BlackElo "2195"]
[PlyCount "102"]
[EventDate "2005.07.19"]
[EventType "swiss"]
[EventRounds "11"]
[EventCountry "FRA"]
[Source "lmi"]
[SourceDate "2005.07.31"]

1. e4 e6 2. d4 d5 3. Nc3 Bb4 4. e5 c5 5. a3 Bxc3+ 6. bxc3 Ne7 7. Nf3 Bd7 8. a4
Qa5 9. Bd2 Nbc6 10. Bd3 h6 11. O-O c4 12. Be2 O-O-O 13. Qb1 Rdg8 14. h3 g5 15.
Rd1 Rg6 16. Ra2 Qc7 17. Qb2 f5 18. Qa3 f4 19. Qd6 Qd8 20. a5 h5 21. Nh2 Nf5 22.
Qc5 g4 23. Bxf4 g3 24. fxg3 Nxg3 25. Bxg3 Rxg3 26. Nf1 Rxc3 27. Rb1 Rg8 28. Ra3
Rxa3 29. Qxa3 Qh4 30. Qb2 Qxd4+ 31. Qxd4 Nxd4 32. Bxh5 Nxc2 33. Rc1 Nd4 34. Nd2
Be8 35. Bd1 b5 36. axb6 axb6 37. Nxc4 dxc4 38. Rxc4+ Nc6 39. Bf3 Kc7 40. h4 b5
41. Re4 Bg6 42. Re3 Nd4 43. Bd1 b4 44. h5 Bf5 45. g4 Bxg4 46. Rg3 Bxd1 47. Rxg8
Bxh5 48. Kf2 b3 49. Rg1 Kc6 50. Ke3 Kd5 51. Kd3 b2 0-1

[Event "Mundial Juvenil 2005 s12"]
[Site "Belfort FRA"]
[Date "2005.07.28"]
[Round "9.12"]
[White "Pavlidis, Antonios"]
[Black "Belous, Vladimir"]
[Result "1-0"]
[WhiteElo "1989"]
[BlackElo "2218"]
[PlyCount "107"]
[EventDate "2005.07.19"]
[EventType "swiss"]
[EventRounds "11"]
[EventCountry "FRA"]
[Source "lmi"]
[SourceDate "2005.07.31"]

1. e4 c5 2. Nf3 d6 3. d4 cxd4 4. Nxd4 a6 5. c4 e6 6. Nc3 Nf6 7. Be3 Be7 8. Be2
O-O 9. O-O b6 10. f3 Bb7 11. Qd2 Nbd7 12. Rac1 Qc7 13. Rfd1 Rac8 14. b3 Rfe8
15. Qe1 Qb8 16. Qf2 Bd8 17. Kh1 Bc7 18. a3 Ne5 19. Bf1 Rcd8 20. Bg5 Ned7 21. b4
h6 22. Bh4 Rc8 23. Nb3 Nh5 24. Qd4 Nf8 25. Bf2 Rcd8 26. Bg1 Rd7 27. Na4 d5 28.
exd5 exd5 29. Nxb6 Bxb6 30. Qxb6 dxc4 31. Nc5 Rxd1 32. Rxd1 Re7 33. Bxc4 Qf4
34. Rd4 Qg5 35. Nxb7 Re1 36. Re4 Rc1 37. Qc7 Ne6 38. Qb8+ Kh7 39. Bxe6 fxe6 40.
Qe5 Qd2 41. Qd4 Qa2 42. Qd3 Kg8 43. Qe3 Qa1 44. Nc5 Rc3 45. Qe1 Rc1 46. Qf2 Qb1
47. Rxe6 Nf4 48. Re4 Rf1 49. Qd4 Rd1 50. Re8+ Kf7 51. Qe3 Qb2 52. Re7+ Kg8 53.
Qxf4 Qa1 54. Re8+ 1-0

[Event "Mundial Juvenil 2005 s12"]
[Site "Belfort FRA"]
[Date "2005.07.28"]
[Round "9.14"]
[White "Meskovs, Nikita"]
[Black "Kociscak, Jiri"]
[Result "1-0"]
[WhiteElo "1599"]
[BlackElo "2052"]
[PlyCount "89"]
[EventDate "2005.07.19"]
[EventType "swiss"]
[EventRounds "11"]
[EventCountry "FRA"]
[Source "lmi"]
[SourceDate "2005.07.31"]

1. d4 Nf6 2. c4 c5 3. d5 b5 4. cxb5 a6 5. bxa6 Bxa6 6. b3 g6 7. Bb2 Bg7 8. g3
d6 9. Bg2 O-O 10. Nf3 Nbd7 11. O-O Nb6 12. Ng5 h6 13. Nh3 Bb7 14. e4 c4 15. Nd2
Ba6 16. Re1 Qb8 17. Rb1 Qa7 18. Bd4 Nfd7 19. Nf3 Rfc8 20. Bxg7 Kxg7 21. Nd4 Ne5
22. Re3 Nbd7 23. b4 Bb7 24. b5 Qxa2 25. Nc6 Bxc6 26. dxc6 Nb6 27. f4 Nd3 28.
Bf1 Nc5 29. Rc1 Qa7 30. Qd4+ Kg8 31. Bxc4 Nxc4 32. Qxc4 Qb6 33. e5 Ra4 34. Qd5
Ne6 35. Qd3 Rd4 36. Qe2 Re4 37. Rcc3 dxe5 38. Kg2 Rxe3 39. Rxe3 exf4 40. Rxe6
f3+ 41. Kxf3 Ra8 42. Rxe7 Kf8 43. Rd7 Qc5 44. Kg2 Re8 45. Qf3 1-0

[Event "Mundial Juvenil 2005 s12"]
[Site "Belfort FRA"]
[Date "2005.07.28"]
[Round "9.15"]
[White "Salem, A.r. Saleh"]
[Black "Chan, Yi-Ren Daniel"]
[Result "1/2-1/2"]
[WhiteElo "2044"]
[BlackElo "1988"]
[PlyCount "64"]
[EventDate "2005.07.19"]
[EventType "swiss"]
[EventRounds "11"]
[EventCountry "FRA"]
[Source "lmi"]
[SourceDate "2005.07.31"]

1. d4 Nf6 2. c4 d6 3. Nc3 e5 4. d5 e4 5. Bg5 h6 6. Bh4 Bf5 7. h3 Nbd7 8. g4 Bg6
9. Bg2 Be7 10. Bg3 O-O 11. Qd4 Re8 12. O-O-O a6 13. f4 exf3 14. exf3 b5 15. f4
Nc5 16. f5 Bh7 17. b4 Ncd7 18. Nf3 bxc4 19. h4 a5 20. b5 Nc5 21. Qxc4 Nfd7 22.
Bf2 Bf6 23. Bd4 Nb6 24. Qf1 Nba4 25. Nxa4 Nxa4 26. Qc4 Nb6 27. Qc6 Re2 28. Rd2
Rxd2 29. Kxd2 Bxd4 30. Nxd4 Qf6 31. Kd3 Qe7 32. Bf3 Qf6 1/2-1/2

[Event "Mundial Juvenil 2005 s12"]
[Site "Belfort FRA"]
[Date "2005.07.28"]
[Round "9.16"]
[White "Mai, Lloyd Thu-Truc-Lam"]
[Black "Atabayev, Yusup"]
[Result "0-1"]
[WhiteElo "2030"]
[BlackElo "1599"]
[PlyCount "86"]
[EventDate "2005.07.19"]
[EventType "swiss"]
[EventRounds "11"]
[EventCountry "FRA"]
[Source "lmi"]
[SourceDate "2005.07.31"]

1. e4 e5 2. Nf3 Nc6 3. Bc4 Bc5 4. d4 exd4 5. O-O d6 6. Re1 Nge7 7. Ng5 Ne5 8.
Qh5 N7g6 9. Bxf7+ Nxf7 10. Nxf7 Kxf7 11. e5 Re8 12. Bg5 Qd7 13. Re4 Rxe5 14.
Rxe5 dxe5 15. Nd2 Qf5 16. Re1 h6 17. Nc4 Bd6 18. f4 e4 19. Rf1 Kg8 20. Kh1 hxg5
21. g4 Qxg4 22. Qxg6 Bf5 23. Qxg5 Qxg5 24. fxg5 g6 25. h4 Rf8 26. Rd1 Bc5 27.
Kg2 e3 28. Ne5 Be4+ 29. Kh3 Rf2 30. h5 Bf5+ 31. Kh4 Bd6 32. Ng4 Rf4 33. hxg6
Rxg4+ 34. Kh5 Rg3 35. Rh1 Rh3+ 36. Rxh3 Bxh3 37. b4 e2 38. b5 e1=Q 39. b6 Qe2+
40. Kh6 Bf8+ 41. g7 Bxg7+ 42. Kg6 Bg4 43. bxa7 Qe8# 0-1

[Event "Mundial Juvenil 2005 s12"]
[Site "Belfort FRA"]
[Date "2005.07.28"]
[Round "9.17"]
[White "Zhao, Parker"]
[Black "Rahimov, Rahmatjon"]
[Result "1-0"]
[WhiteElo "2029"]
[BlackElo "1599"]
[PlyCount "105"]
[EventDate "2005.07.19"]
[EventType "swiss"]
[EventRounds "11"]
[EventCountry "FRA"]
[Source "lmi"]
[SourceDate "2005.07.31"]

1. e4 e6 2. Qe2 Nf6 3. Nf3 d5 4. d3 c5 5. Nbd2 Be7 6. g3 Nc6 7. Bg2 O-O 8. e5
Nd7 9. O-O Re8 10. Re1 f6 11. exf6 Bxf6 12. Nf1 Nf8 13. c3 e5 14. Be3 Qd6 15.
Rad1 Bf5 16. h3 Bg6 17. g4 h6 18. Ng3 Ne6 19. Nf5 Bxf5 20. gxf5 Ned8 21. Nh2
Nf7 22. Ng4 Rad8 23. Qf3 Bg5 24. Qg3 Bxe3 25. fxe3 Kh7 26. f6 g6 27. Rf1 Rg8
28. Rd2 Rdf8 29. Rdf2 Ncd8 30. c4 d4 31. Bd5 h5 32. exd4 cxd4 33. Re2 Nc6 34.
Nf2 Kh6 35. Ne4 Qc7 36. h4 Ncd8 37. Ng5 Qd7 38. Rg2 b6 39. Qe1 Qc7 40. Qd2 Nxg5
41. Bxg8 Rxg8 42. Qxg5+ Kh7 43. f7 Nxf7 44. Qf6 Nh6 45. Qe6 Rg7 46. Rf8 Qe7 47.
Qc8 Ng8 48. Rgf2 Qxh4 49. R8f7 Qg3+ 50. Kh1 Qh4+ 51. Kg2 Qg5+ 52. Kh3 Qe3+ 53.
Kh2 1-0

[Event "Mundial Juvenil 2005 s12"]
[Site "Belfort FRA"]
[Date "2005.07.28"]
[Round "9.18"]
[White "Sochacki, Christophe"]
[Black "Prsasanna, Raghuram Rao"]
[Result "1-0"]
[WhiteElo "1599"]
[BlackElo "2027"]
[PlyCount "99"]
[EventDate "2005.07.19"]
[EventType "swiss"]
[EventRounds "11"]
[EventCountry "FRA"]
[Source "lmi"]
[SourceDate "2005.07.31"]

1. e4 c5 2. Nf3 d6 3. d4 cxd4 4. Qxd4 Nc6 5. Bb5 Bd7 6. Bxc6 Bxc6 7. Nc3 Nf6 8.
Bg5 e6 9. O-O-O Be7 10. Rhe1 Qa5 11. Kb1 O-O 12. Qd2 Qa6 13. Nd4 Rfd8 14. f3 b5
15. h4 h6 16. Be3 Nd7 17. g4 Ne5 18. Qg2 b4 19. Nce2 Nc4 20. Bc1 Bd7 21. Rg1
Qb6 22. h5 f6 23. f4 e5 24. Nf5 Bf8 25. g5 Rab8 26. gxh6 Na3+ 27. Ka1 Nxc2+ 28.
Kb1 Na3+ 29. bxa3 bxa3+ 30. Kc2 Rdc8+ 31. Kd2 Qb4+ 32. Ke3 d5 33. Rxd5 Bxf5 34.
exf5 exf4+ 35. Kf3 Re8 36. Rd4 Qb7+ 37. Kg4 Bc5 38. Bxf4 Bxd4 39. Nxd4 Qxg2+
40. Rxg2 Rb2 41. Rg3 Re4 42. Ne6 Rxa2 43. hxg7 Rc4 44. h6 Rh2 45. Rd3 Rc8 46.
Bxh2 a2 47. Rd1 Kh7 48. Bc7 a5 49. Kh5 a4 50. Nf8+ 1-0

[Event "Mundial Juvenil 2005 s12"]
[Site "Belfort FRA"]
[Date "2005.07.28"]
[Round "9.19"]
[White "Guevara-Perez, Jorge-Alejandro"]
[Black "Lin, Zhigen Wilson"]
[Result "1-0"]
[WhiteElo "1599"]
[BlackElo "2029"]
[PlyCount "53"]
[EventDate "2005.07.19"]
[EventType "swiss"]
[EventRounds "11"]
[EventCountry "FRA"]
[Source "lmi"]
[SourceDate "2005.07.31"]

1. e4 e5 2. Nf3 Nc6 3. Bc4 Nf6 4. d4 exd4 5. e5 d5 6. Bb5 Ne4 7. Nxd4 Bd7 8.
Bxc6 bxc6 9. O-O Bc5 10. Be3 O-O 11. Nd2 Nxd2 12. Qxd2 Qe7 13. Rae1 Qxe5 14.
Nxc6 Bxe3 15. Rxe3 Qxb2 16. Ne7+ Kh8 17. Qxd5 Be6 18. Qc6 Qxa2 19. h3 a5 20.
Rd1 a4 21. Red3 h6 22. Qxc7 a3 23. Rd8 Raxd8 24. Rxd8 Qa1+ 25. Kh2 Qe5+ 26.
Qxe5 Rxd8 27. Qa5 1-0

[Event "Mundial Juvenil 2005 s12"]
[Site "Belfort FRA"]
[Date "2005.07.28"]
[Round "9.20"]
[White "Dilanian, Grigor"]
[Black "Kavaliou, Uladzislau"]
[Result "1-0"]
[WhiteElo "1599"]
[BlackElo "2027"]
[PlyCount "109"]
[EventDate "2005.07.19"]
[EventType "swiss"]
[EventRounds "11"]
[EventCountry "FRA"]
[Source "lmi"]
[SourceDate "2005.07.31"]

1. d4 f5 2. Bg5 Nf6 3. Bxf6 exf6 4. e3 d5 5. c4 c6 6. Nc3 Be6 7. cxd5 Bxd5 8.
Qc2 g6 9. Nh3 Bf7 10. Bd3 Bd6 11. O-O O-O 12. f4 Re8 13. Rf3 Nd7 14. Nf2 Re7
15. h4 h5 16. Rf1 Bc7 17. Rg3 Kh8 18. Ne2 Qf8 19. Nc3 Rae8 20. Qd2 Qh6 21. Nh3
Bb6 22. Kh1 a6 23. b4 Ba7 24. Qf2 b5 25. a3 Nb6 26. Rd1 Kh7 27. Ng1 Bc4 28.
Bxc4 Nxc4 29. e4 fxe4 30. f5 Rg8 31. Nh3 Nd6 32. fxg6+ Rxg6 33. Rxg6 Qxg6 34.
Qf4 Nf5 35. Ne2 Bb6 36. Rf1 Nxd4 37. Qd6 Re6 38. Qd7+ Qg7 39. Ng5+ Kg6 40. Nf4+
Kh6 41. Qxg7+ Kxg7 42. Ngxe6+ Nxe6 43. Nxe6+ Kg6 44. Rc1 e3 45. Rxc6 Ba7 46.
Rxa6 Bb8 47. Kg1 Bg3 48. Kf1 Bxh4 49. Ke2 Bf2 50. Nd4 h4 51. Nxb5 Kg5 52. Nc3
f5 53. b5 Kg4 54. Rg6+ Kh5 55. Rg8 1-0

[Event "Mundial Juvenil 2005 s12"]
[Site "Belfort FRA"]
[Date "2005.07.29"]
[Round "10.2"]
[White "Sethuraman, S.p"]
[Black "Sjugirov, Sanan"]
[Result "1/2-1/2"]
[WhiteElo "2203"]
[BlackElo "2358"]
[PlyCount "107"]
[EventDate "2005.07.19"]
[EventType "swiss"]
[EventRounds "11"]
[EventCountry "FRA"]
[Source "lmi"]
[SourceDate "2005.07.31"]

1. e4 c5 2. Nf3 d6 3. d4 cxd4 4. Nxd4 Nf6 5. Nc3 a6 6. Be2 g6 7. g4 h6 8. h4
Bg7 9. Be3 Nc6 10. Rg1 Bd7 11. g5 hxg5 12. hxg5 Nh5 13. Nd5 Rc8 14. Nxc6 Bxc6
15. Bb6 Qd7 16. Bg4 e6 17. Bd4 Bxd5 18. exd5 Qa4 19. c3 Qxd1+ 20. Rxd1 Bxd4 21.
Rxd4 Ke7 22. Kd2 Rc5 23. dxe6 fxe6 24. Re1 Ng7 25. f4 Rh2+ 26. Kc1 d5 27. Rb4
b5 28. Be2 Nf5 29. Bd3 Kf7 30. a4 Rh3 31. Kd2 Rh2+ 32. Re2 Rxe2+ 33. Kxe2 Nd6
34. Ke3 a5 35. Kd4 Rc7 36. Rxb5 Nxb5+ 37. axb5 Ke7 38. b3 Kd6 39. Bxg6 Rg7 40.
Bd3 Rf7 41. Ke3 Kc5 42. g6 Rf8 43. b4+ axb4 44. cxb4+ Kd6 45. b6 Kc6 46. f5
exf5 47. Kf4 Kxb6 48. Kg5 f4 49. g7 Rb8 50. Kg6 Ka7 51. Kh7 Rb7 52. Kh8 Rxb4
53. Kh7 Rb8 54. Bf1 1/2-1/2